Statistics for Gulfs and Bays of the United States on the Map

Click here to take the quiz!

General Stats

  • This quiz has been taken 163 times
  • The average score is 10 of 16

Answers on the Map

Answers color-coded by a green-red scale on the quiz's map according to % correct below.
 

Answer Stats

Answer% Correct
Gulf of Mexico
97%
San Francisco Bay
90%
Chesapeake Bay
87%
Gulf of Alaska
82%
Tampa Bay
77%
Puget Sound
72%
Gulf of Maine
70%
Long Island Sound
67%
Mobile Bay
67%
Green Bay
66%
Delaware Bay
63%
Galveston Bay
56%
Massachusetts Bay
53%
Monterey Bay
42%
Biscayne Bay
28%
Pamlico Sound
19%

Score Distribution

Percentile by Number Answered

Percent of People with Each Score

Your Score History

You have not taken this quiz